00516nam a2200193 a 4500001001300000003000900013005001700022008004100039020001200080082001500092100002300107245006200130260002600192300000900218500003500227505001300262650002400275700002300299nice12345678IN_TiNIC20260116011956.0050524s1964 lona grp 000 0 eng  ac14.2800a264.1bDOB aDoberstein, John W aMinister`s Prayer Bookb an Order of Prayers and Readings aLondonbCollinsc1964 a492p aincludes index and biblioraphy2 aAppendix aChristianity-Prayer1 aDoberstein, John W